000 00445nam a22001817a 4500
003 koha_MIRAKIL
005 20231213065258.0
008 231213b |||||||| |||| 00| 0 ||| d
020 _b9-75998139-4
040 _aTR-IsEVY
_btur
_cTR-IsEVY
082 _a800 BAL/İ
100 _aBaltaş, Şöhret.
245 0 _aİlköğretim Türkçe sözlük
260 _bBordo-Siyah,
_c2006
300 _a[ ] p.
650 _aEdebiyat.
942 _2ddc
_cBK
999 _c956
_d956